| Tag |
First Indicator |
Second Indicator |
Subfields |
| LEADER |
00000nam a2200000 4500 |
| 001 |
in00004222021 |
| 005 |
20200806095803.0 |
| 006 |
m g d |
| 007 |
cr bn |||a|bb| |
| 008 |
910326s1635 enk o o00| | eng d |
| 035 |
|
|
|a (UnM)99841278
|
| 037 |
|
|
|a CL0036000021
|b ProQuest. 789 E. Eisenhower Parkway, Ann Arbor, MI 48108-3218
|
| 040 |
|
|
|a Cu-RivES
|c Cu-RivES
|d CStRLIN
|e dcrb
|d WaOLN
|
| 110 |
1 |
|
|a England and Wales.
|b Commissioners of Customs.
|
| 245 |
1 |
4 |
|a The rates of marchandizes :
|b as they are set downe in the book of rates, for the custome and subsidie of poundage, and for the custome and subsidie of clothes. The same being signed by the Kings Majesty, and sealed with the great Seale of England, and remaining in His Highnesse Court of Exchequer at Westminster: and by speciall commandment from His Majesty published in print, for the direction of such as it may concerne: together with the rates of such impositions as are laid vpon any commodities ...
|
| 260 |
|
|
|a Imprinted at London :
|b By Robert Barker, printer to the Kings most Excellent Majesty: and by the assignes of Iohn Bill,
|c 1635.
|
| 300 |
|
|
|a 1 online resource ([2], 13, [113] pages)
|
| 336 |
|
|
|a text
|b txt
|2 rdacontent
|
| 337 |
|
|
|a computer
|b c
|2 rdamedia
|
| 338 |
|
|
|a online resource
|b cr
|2 rdacarrier
|
| 500 |
|
|
|a Signed and dated at end: Charles R. .. Theobalds this sixth of October, in the eleuenth yeere of our raigne.
|
| 500 |
|
|
|a Signatures: A-H.
|
| 500 |
|
|
|a The last leaf is blank.
|
| 500 |
|
|
|a Reproduction of the original in the Henry E. Huntington Library and Art Gallery.
|
| 510 |
4 |
|
|a STC (2nd edition)
|c 7695.
|
| 533 |
|
|
|a Electronic reproduction.
|b Ann Arbor, Mich. :
|c UMI,
|d 1999-
|f (Early English books online)
|n Digital version of: (Early English books, 1475-1640 ; 770:16)
|7 s1999 miun s
|
| 650 |
|
0 |
|a Tariff
|z Great Britain
|v Tables
|v Early works to 1800.
|
| 650 |
|
0 |
|a Tariff
|z Great Britain
|v Early works to 1800.
|
| 710 |
1 |
|
|a England and Wales.
|b Sovereign (1625-1649 : Charles I)
|
| 830 |
|
0 |
|a Early English books online.
|
| 856 |
4 |
0 |
|u http://proxy.library.tamu.edu/login?url=https://search.proquest.com/docview/2248584264
|z Connect to the full text of this electronic book
|t 0
|
| 999 |
f |
f |
|s 46ca6a35-d2eb-3c8e-9a6f-69b9ed45b1d5
|i 267d8e94-8288-3036-8e25-3c51346ff44e
|t 0
|
| 952 |
f |
f |
|a Texas A&M University
|b College Station
|c Electronic Resources
|d Available Online
|t 0
|h No information provided
|
| 998 |
f |
f |
|t 0
|l Available Online
|